000 00687nam a2200241 a 4500
003 AR-BaBNM
005 20251128203339.0
008 082120s2002 ||||||||||||||000 | spa||
040 _cAR-BaBNM
100 1 _aSerra Moret, Manuel
245 0 0 _aDiccionario económico de nuestro tiempo
_bcientífico, teórico, estadístico, comercial, jurídico, sociológico
260 _aBuenos Aires
_bMundo Atlántico
_c1944
300 _a657 p.
490 0 _aDiccionarios de nuestro tiempo
650 4 _aDICCIONARIOS
650 4 _aECONOMIA
650 4 _aECONOMIA AGRARIA
650 4 _aTRABAJO
655 _aREFERENCIA
800 1 _aDíaz Doin, Guillermo
942 _cBK
998 _claura
999 _c2999
_d2999